Movies Quiz

Random Movies or Disney Quiz
Score 0/35 Timer 06:00
0 Plays Today
% Correct
Nemo
96.7%
Ariel
94.8%
Winnie-the-Pooh
94.8%
Tigger
93.9%
Peter Pan
93.5%
Piglet
93.5%
Captain Hook
92.8%
Simba
92.1%
Belle
91.7%
Grumpy
91.1%
Dory
90.8%
Stitch
90.6%
Elsa
88.7%
Mike Wazowski
88.6%
Genie of the Lamp
88.4%
Aurora
86.9%
Lightning McQueen
82.4%
Ursula
82.1%
% Correct
Sebastian
81.7%
Rapunzel
80.7%
Sulley
80.6%
Jane Porter
76.7%
Cheshire Cat
76%
Tiana
68%
Lumiere
63.6%
Hamm
61%
Lotso
52.4%
Randall Boggs
51.4%
Shere Khan
50.4%
Oliver
49.9%
Yzma
46.4%
Pascal
40.4%
Tod
36%
Dot
35.6%
Naveen
33.2%
Remove Ads.
Support Sporcle.
Get the best of Sporcle when you Go Orange. This ad-free experience offers more features, more stats, and more fun while also helping to support Sporcle. Thank you for becoming a member.

You're not logged in!

Compare scores with friends on all Sporcle quizzes.
OR
Log In

Sporcle TV

Today on Sporcle TV


Watch our educational content, quiz creation guides, and fun videos on Sporcle TV.

Show Comments

Extras

Top Quizzes Today


Score Distribution

Paid Content

Your Account Isn't Verified!

In order to create a playlist on Sporcle, you need to verify the email address you used during registration. Go to your Sporcle Settings to finish the process.

Report this User

Report this user for behavior that violates our Community Guidelines.

Details: